認知度の低い市町村 - Statistics

General Stats
  • This quiz has been taken 66 times
  • The average score is 29 of 100
Answer Stats
都道府県 市町村 正答率 % Correct
奈良県 黒滝村 5%
51%
熊本県 産山村 4%
47%
沖縄県 渡名喜村 4%
44%
沖縄県 伊平屋村 5%
40%
宮崎県 諸塚村 3%
40%
沖縄県 座間味村 5%
39%
沖縄県 粟国村 4%
39%
奈良県 大淀町 6%
37%
沖縄県 多良間村 5%
37%
岐阜県 七宗町 5%
37%
熊本県 湯前町 4%
37%
徳島県 佐那河内村 5%
35%
島根県 飯南町 5%
35%
宮崎県 日之影町 5%
35%
長野県 平谷村 5%
35%
熊本県 五木村 5%
35%
宮崎県 五ヶ瀬町 4%
35%
高知県 芸西村 4%
35%
熊本県 山江村 3%
35%
鹿児島県 和泊町 5%
33%
長崎県 時津町 5%
33%
宮崎県 新富町 5%
33%
福岡県 吉富町 5%
33%
長野県 泰阜村 5%
33%
奈良県 広陵町 5%
33%
鹿児島県 東串良町 4%
33%
長野県 下條村 4%
33%
鹿児島県 伊仙町 4%
33%
佐賀県 上峰町 3%
33%
宮崎県 西米良村 5%
32%
沖縄県 大宜味村 5%
32%
宮崎県 三股町 4%
32%
熊本県 相良村 4%
32%
熊本県 津奈木町 4%
32%
鹿児島県 錦江町 4%
32%
熊本県 玉東町 3%
32%
徳島県 上板町 5%
30%
徳島県 松茂町 5%
30%
島根県 邑南町 5%
30%
鹿児島県 宇検村 5%
30%
岡山県 久米南町 5%
30%
愛媛県 上島町 4%
30%
宮崎県 国富町 3%
30%
熊本県 和水町 3%
30%
熊本県 錦町 6%
28%
高知県 大豊町 5%
28%
岡山県 勝央町 5%
28%
徳島県 北島町 5%
28%
高知県 佐川町 5%
28%
熊本県 長洲町 5%
28%
岐阜県 輪之内町 5%
28%
熊本県 水上村 4%
28%
福岡県 大任町 4%
28%
沖縄県 与那原町 4%
28%
長崎県 川棚町 4%
28%
奈良県 上牧町 4%
28%
宮崎県 川南町 4%
28%
宮崎県 門川町 3%
28%
熊本県 多良木町 3%
28%
沖縄県 八重瀬町 3%
28%
岐阜県 川辺町 6%
26%
福岡県 上毛町 6%
26%
徳島県 上勝町 5%
26%
岐阜県 北方町 5%
26%
高知県 中土佐町 5%
26%
福岡県 岡垣町 5%
26%
福岡県 大刀洗町 5%
26%
福岡県 桂川町 5%
26%
奈良県 高取町 5%
26%
鹿児島県 湧水町 4%
26%
熊本県 南関町 4%
26%
岡山県 矢掛町 4%
26%
鹿児島県 龍郷町 5%
25%
高知県 本山町 5%
25%
長野県 木島平村 5%
25%
福岡県 添田町 5%
25%
山形県 山辺町 4%
25%
長野県 生坂村 4%
25%
和歌山県 広川町 4%
25%
福岡県 鞍手町 4%
25%
福岡県 久山町 3%
25%
宮崎県 高原町 3%
25%
長野県 宮田村 6%
23%
山形県 白鷹町 5%
23%
福島県 葛尾村 5%
23%
和歌山県 上富田町 5%
23%
高知県 安田町 5%
23%
福島県 泉崎村 5%
23%
福島県 古殿町 4%
23%
福岡県 糸田町 4%
23%
福岡県 小竹町 3%
23%
福島県 棚倉町 6%
21%
山梨県 西桂町 5%
21%
長野県 筑北村 5%
21%
熊本県 御船町 4%
21%
福岡県 須恵町 5%
19%
福岡県 築上町 4%
19%
宮崎県 木城町 3%
19%
山形県 舟形町 5%
16%
福島県 浅川町 5%
16%
No matching quizzes found
Score Distribution
Percent of People with Each Score
Percentile by Number Answered
Your Score History
You have not taken this quiz